[Event "Hessenliga 1112"]
[Site "Germany"]
[Date "2011.12.04"]
[Round "4.8"]
[White "Prange, Dieter"]
[Black "Guenzler, Richard"]
[Result "0-1"]
[WhiteElo "2148"]
[BlackElo "1933"]
[PlyCount "119"]
[EventDate "2011.09.25"]
[EventType "team-tourn"]
[EventRounds "9"]
[EventCountry "GER"]
[SourceTitle "EXT 2013"]
[Source "ChessBase"]
[SourceDate "2012.11.22"]
[SourceVersion "1"]
[SourceVersionDate "2012.11.22"]
[SourceQuality "1"]
[WhiteTeam "Marburg"]
[BlackTeam "Nied"]
[WhiteTeamCountry "GER"]
[BlackTeamCountry "GER"]

1. e4 Nf6 2. e5 Nd5 3. c4 Nb6 4. d4 d6 5. f4 g6 6. Be2 Bg7 7. Nf3 0-0 8. Nc3 Be6 9. Qb3 N8d7 10. Be3 Qc8 11. h3 Nb8 12. Rc1 Na6 13. a4 Rb8 14. a5 Na8 15. d5 Bd7 16. Bxa7 c6 17. Qa3 Qc7 18. Bxb8 Qxb8 19. 0-0 Qa7+ 20. Kh1 c5 21. Na2 b6 22. Ra1 N8c7 23. b4 b5 24. Qe3 Qb7 25. Rfb1 Bf5 26. Rb2 bxc4 27. Bxc4 cxb4 28. Qb6 Qa8 29. Qd4 e6 30. g4 exd5 31. Bxa6 Be4 32. Be2 Ne6 33. Qxb4 d4 34. Rf1 Nxf4 35. Bd1 Nd3 36. Qxd4 Bxe5 37. Qe3 Nxb2 38. Be2 Bxf3+ 39. Qxf3 Qxa5 40. Nc1 Qa8 41. Kg2 Qxf3+ 42. Kxf3 Rc8 43. Nd3 Rc3 44. Ke4 Rc2 45. Bf3 Rc4+ 46. Ke3 Rc3 47. Be2 Nc4+ 48. Kf2 Bd4+ 49. Kg3 Be5+ 50. Kf2 Nd2 51. Rd1 Ne4+ 52. Ke3 Ng5 53. h4 Ne6 54. Kf2 Kg7 55. Nxe5 dxe5 56. Rd7 Rc7 57. Rd5 f6 58. Rd2 Nd4 59. Bd3 f5 60. gxf5 0-1

[Event "Karl Mala Memorial op 14th"]
[Site "Frankfurt"]
[Date "2011.07.09"]
[Round "5"]
[White "Nothnagel, Marian Can"]
[Black "Guenzler, Richard"]
[Result "0-1"]
[WhiteElo "1613"]
[BlackElo "1933"]
[PlyCount "66"]
[EventDate "2011.07.07"]
[EventType "swiss"]
[EventRounds "7"]
[EventCountry "GER"]
[SourceTitle "EXT 2012"]
[Source "ChessBase"]
[SourceDate "2011.11.24"]
[SourceVersion "1"]
[SourceVersionDate "2011.11.24"]
[SourceQuality "1"]

1. e4 Nf6 2. Nc3 e5 3. Nf3 Nc6 4. d4 Bb4 5. d5 Ne7 6. Bd3 d6 7. a3 Bxc3+ 8. bxc3 0-0 9. 0-0 Nexd5 10. exd5 e4 11. Be2 exf3 12. Bxf3 Nd7 13. Be2 f5 14. c4 Qf6 15. Bf4 g5 16. Be3 f4 17. Bd4 Ne5 18. f3 b6 19. a4 a5 20. Qd2 Bf5 21. Rfe1 Rae8 22. Bf1 Qg6 23. Bxe5 dxe5 24. Bd3 g4 25. Bxf5 Rxf5 26. Kh1 Rh5 27. Qd3 Qh6 28. fxg4 Rxh2+ 29. Kg1 Qh4 30. Kf1 f3 31. Qxf3 Rf8 32. Ke2 Rxf3 33. Kxf3 Qf6+ 0-1

[Event "Karl Mala Memorial op 14th"]
[Site "Frankfurt"]
[Date "2011.07.07"]
[Round "1"]
[White "Guenzler, Richard"]
[Black "Weber, Samuel"]
[Result "1-0"]
[WhiteElo "1933"]
[BlackElo "1104"]
[PlyCount "37"]
[EventDate "2011.07.07"]
[EventType "swiss"]
[EventRounds "7"]
[EventCountry "GER"]
[SourceTitle "EXT 2012"]
[Source "ChessBase"]
[SourceDate "2011.11.24"]
[SourceVersion "1"]
[SourceVersionDate "2011.11.24"]
[SourceQuality "1"]

1. e4 c5 2. Nf3 Nc6 3. d4 cxd4 4. Nxd4 Nf6 5. Nc3 e5 6. Ndb5 d6 7. Bg5 a6 8. Na3 Be7 9. Nc4 b5 10. Bxf6 gxf6 11. Ne3 Be6 12. Ncd5 Bxd5 13. Nxd5 Qa5+ 14. c3 b4 15. a3 bxc3 16. b4 Qd8 17. Qa4 0-0 18. Qxc6 Rc8 19. Qxc8 1-0

[Event "Hessen-ch Gr-B 64th"]
[Site "Bad Vilbel"]
[Date "2010.04.04"]
[Round "7"]
[White "Guenzler, Richard"]
[Black "Eg, Karlheinz"]
[Result "1-0"]
[WhiteElo "1939"]
[BlackElo "2120"]
[PlyCount "33"]
[EventDate "2010.03.31"]
[EventType "swiss"]
[EventRounds "7"]
[EventCountry "GER"]
[SourceTitle "EXT 2011"]
[Source "ChessBase"]
[SourceDate "2010.11.26"]
[SourceVersion "1"]
[SourceVersionDate "2010.11.26"]
[SourceQuality "1"]

1. e4 e5 2. f4 exf4 3. Nf3 Be7 4. Bc4 d6 5. d4 Bh4+ 6. Kf1 Bg4 7. Bxf4 Ne7 8. h3 Bxf3 9. Qxf3 Nbc6 10. Be3 0-0 11. Nc3 Ng6 12. g3 Bg5 13. Rd1 Kh8 14. Bxg5 Qxg5 15. h4 Qa5 16. h5 f5 17. hxg6 1-0

[Event "Hessen-ch Gr-C"]
[Site "Idstein"]
[Date "2009.04.11"]
[Round "6"]
[White "Guenzler, Richard"]
[Black "Kellerwessel, Ralf"]
[Result "1/2-1/2"]
[WhiteElo "1909"]
[BlackElo "1911"]
[PlyCount "71"]
[EventDate "2009.04.08"]
[EventType "swiss"]
[EventRounds "7"]
[EventCountry "GER"]
[SourceTitle "EXT 2010"]
[Source "ChessBase"]
[SourceDate "2010.11.25"]
[SourceVersion "1"]
[SourceVersionDate "2010.11.25"]
[SourceQuality "1"]

1. e4 e5 2. Nf3 Nc6 3. Bb5 Nd4 4. Nxd4 exd4 5. 0-0 Qg5 6. Bc4 d6 7. c3 dxc3 8. Nxc3 Be7 9. d4 Qg6 10. Nd5 Bd8 11. Nf4 Qg4 12. Qb3 Nh6 13. e5 0-0 14. Re1 Nf5 15. e6 fxe6 16. Nxe6 Bxe6 17. Bxe6+ Kh8 18. Qxb7 Bh4 19. Be3 Qg6 20. Bxf5 Qxf5 21. g3 Qg6 22. Qxc7 Rf7 23. Qc6 Raf8 24. Re2 Bd8 25. Qc2 Qg4 26. Rf1 h5 27. Qd1 h4 28. Rd2 Rf3 29. d5 hxg3 30. hxg3 Ba5 31. Kg2 Bxd2 32. Qxd2 Qe4 33. Rh1+ Kg8 34. Kg1 Qb1+ 35. Kg2 Qe4 36. Kg1 1/2-1/2

[Event "Hessen-ch Gr-C"]
[Site "Idstein"]
[Date "2009.04.10"]
[Round "5"]
[White "Krzesinski, Paul"]
[Black "Guenzler, Richard"]
[Result "0-1"]
[WhiteElo "1745"]
[BlackElo "1909"]
[PlyCount "34"]
[EventDate "2009.04.08"]
[EventType "swiss"]
[EventRounds "7"]
[EventCountry "GER"]
[SourceTitle "EXT 2010"]
[Source "ChessBase"]
[SourceDate "2010.11.25"]
[SourceVersion "1"]
[SourceVersionDate "2010.11.25"]
[SourceQuality "1"]

1. e4 Nf6 2. Nc3 d5 3. e5 Nfd7 4. d4 c5 5. Nxd5 cxd4 6. Qxd4 Nb6 7. Bc4 e6 8. Bg5 Qd7 9. Bb5 Nc6 10. 0-0-0 exd5 11. Qe3 Be7 12. f4 Bxg5 13. fxg5 0-0 14. h4 Qg4 15. Bxc6 bxc6 16. h5 Nc4 17. Qf2 Qxg5+ 0-1

[Event "Hessen-ch Gr-C"]
[Site "Idstein"]
[Date "2009.04.09"]
[Round "3"]
[White "Rump, Andreas"]
[Black "Guenzler, Richard"]
[Result "1-0"]
[WhiteElo "1801"]
[BlackElo "1909"]
[PlyCount "113"]
[EventDate "2009.04.08"]
[EventType "swiss"]
[EventRounds "7"]
[EventCountry "GER"]
[SourceTitle "EXT 2010"]
[Source "ChessBase"]
[SourceDate "2010.11.25"]
[SourceVersion "1"]
[SourceVersionDate "2010.11.25"]
[SourceQuality "1"]

1. e4 Nf6 2. e5 Nd5 3. d4 d6 4. c4 Nb6 5. exd6 exd6 6. Bd3 Nc6 7. Ne2 Nb4 8. 0-0 Nxd3 9. Qxd3 Be7 10. Nf4 0-0 11. Nc3 Re8 12. b3 Bf8 13. Bb2 g6 14. Rae1 Bf5 15. Qf3 Qg5 16. Ne4 Bxe4 17. Rxe4 Bh6 18. g3 Qf5 19. Rfe1 Rxe4 20. Qxe4 Qxe4 21. Rxe4 Bxf4 22. gxf4 d5 23. Re7 Rc8 24. c5 Kf8 25. Re3 Nd7 26. f5 Re8 27. c6 bxc6 28. Ba3+ c5 29. Rc3 c6 30. f6 Nxf6 31. Rxc5 Kg7 32. Rxc6 Re2 33. Ra6 Ne4 34. Bb4 Rxf2 35. Be1 Rc2 36. Rxa7 Rc1 37. Kf1 Nd6 38. Ke2 Rc2+ 39. Kd1 Rxh2 40. Bg3 Rh1+ 41. Ke2 Nb5 42. Be5+ Kf8 43. Ra8+ Ke7 44. Kd2 f6 45. a4 fxe5 46. axb5 Rh2+ 47. Kc3 exd4+ 48. Kxd4 Kd6 49. Ra6+ Kc7 50. Kxd5 Rh4 51. Kc5 Rh5+ 52. Kb4 Rh1 53. Rf6 Rh5 54. Ka5 Kb7 55. Rf7+ Kc8 56. Ka6 Rd5 57. b6 1-0

[Event "Karl Mala Memorial op 11th"]
[Site "Frankfurt"]
[Date "2008.06.28"]
[Round "5"]
[White "Guenzler, Richard"]
[Black "Schmalhorst, Sophia"]
[Result "0-1"]
[WhiteElo "1851"]
[BlackElo "1486"]
[PlyCount "76"]
[EventDate "2008.06.26"]
[EventType "swiss"]
[EventRounds "7"]
[EventCountry "GER"]
[SourceTitle "CBM 125 Extra"]
[Source "ChessBase"]
[SourceDate "2008.09.01"]
[SourceVersion "1"]
[SourceVersionDate "2008.09.01"]
[SourceQuality "1"]

1. d4 d5 2. c4 e6 3. Nc3 Nf6 4. cxd5 exd5 5. Bg5 Be7 6. e3 0-0 7. Nf3 Bg4 8. Qb3 Nbd7 9. Qxb7 Rb8 10. Qxa7 Rxb2 11. Bb5 Bb4 12. 0-0 Bxc3 13. Bxd7 Qxd7 14. Qa3 Ne4 15. Ne5 Qf5 16. Be7 Rfb8 17. Nc6 Re8 18. Bh4 Rc2 19. Ne7+ Rxe7 20. Qxe7 h5 21. Rab1 g5 22. Rb8+ Kh7 23. Qf8 Qf6 24. Qg8+ Kh6 25. Rf8 Qg7 26. Qxf7 Qxf7 27. Rxf7 gxh4 28. f3 Nd2 29. fxg4 Nxf1 30. Rxf1 hxg4 31. Rf2 Rxf2 32. Kxf2 Kg5 33. Ke2 Kf5 34. Kd3 Ba5 35. a3 Bb6 36. a4 Ba5 37. h3 g3 38. Ke2 Ke4 0-1

[Event "Karl Mala Memorial op 11th"]
[Site "Frankfurt"]
[Date "2008.06.28"]
[Round "4"]
[White "Stockmann, Michael"]
[Black "Guenzler, Richard"]
[Result "1-0"]
[WhiteElo "2201"]
[BlackElo "1851"]
[PlyCount "63"]
[EventDate "2008.06.26"]
[EventType "swiss"]
[EventRounds "7"]
[EventCountry "GER"]
[SourceTitle "CBM 125 Extra"]
[Source "ChessBase"]
[SourceDate "2008.09.01"]
[SourceVersion "1"]
[SourceVersionDate "2008.09.01"]
[SourceQuality "1"]

1. d4 Nf6 2. c4 g6 3. Nf3 Bg7 4. g3 d5 5. cxd5 Nxd5 6. Bg2 0-0 7. 0-0 Nc6 8. e4 Nb6 9. d5 Ne5 10. Nd4 Nec4 11. Nc3 c6 12. b3 c5 13. Nde2 Nd6 14. Be3 Nd7 15. f4 Qa5 16. e5 Nf5 17. Bf2 Rd8 18. Qc2 f6 19. e6 Nf8 20. Na4 Nd4 21. Nxd4 cxd4 22. Bxd4 Rxd5 23. Bxd5 Qxd5 24. Rad1 Qxe6 25. Rfe1 Qf7 26. Bc5 Ne6 27. Bxa7 h5 28. Nb6 Rxa7 29. Qxc8+ Nf8 30. Rd7 Rxa2 31. Nd5 Rc2 32. Qd8 1-0

[Event "Hessen-ch Gr-C 62nd"]
[Site "Hanau"]
[Date "2008.03.22"]
[Round "6"]
[White "Ritscher, Georg"]
[Black "Guenzler, Richard"]
[Result "0-1"]
[WhiteElo "1993"]
[BlackElo "1851"]
[PlyCount "44"]
[EventDate "2008.03.19"]
[EventType "swiss"]
[EventRounds "7"]
[EventCountry "GER"]
[SourceTitle "CBM 123 Extra"]
[Source "ChessBase"]
[SourceDate "2008.05.06"]
[SourceVersion "1"]
[SourceVersionDate "2008.05.06"]
[SourceQuality "1"]

1. e4 c5 2. Nf3 e6 3. g3 Nc6 4. Bg2 Nf6 5. d3 d5 6. exd5 Nxd5 7. 0-0 Be7 8. Bd2 Bf6 9. Nc3 0-0 10. Nxd5 exd5 11. Bc3 d4 12. Bd2 Bg4 13. Qc1 Re8 14. h3 Be6 15. Bg5 Bd5 16. Qf4 Re6 17. Rfe1 Bxf3 18. Rxe6 Bxg5 19. Qd6 Bxg2 20. Rae1 fxe6 21. Qxe6+ Kh8 22. Kxg2 Bf6 0-1

[Event "Hessen-ch Gr-C 62nd"]
[Site "Hanau"]
[Date "2008.03.21"]
[Round "5"]
[White "Gutacker, Stephan"]
[Black "Guenzler, Richard"]
[Result "1-0"]
[WhiteElo "1985"]
[BlackElo "1851"]
[PlyCount "83"]
[EventDate "2008.03.19"]
[EventType "swiss"]
[EventRounds "7"]
[EventCountry "GER"]
[SourceTitle "CBM 123 Extra"]
[Source "ChessBase"]
[SourceDate "2008.05.06"]
[SourceVersion "1"]
[SourceVersionDate "2008.05.06"]
[SourceQuality "1"]

1. e4 c5 2. c3 e6 3. d4 Nf6 4. Bd3 Nc6 5. Nf3 Qb6 6. Bc2 d5 7. e5 Nd7 8. 0-0 Be7 9. Re1 0-0 10. b3 cxd4 11. cxd4 f6 12. exf6 Nxf6 13. Bb2 Nb4 14. Nc3 Nxc2 15. Qxc2 Bd7 16. Ne5 Be8 17. Qd3 Bd6 18. h3 Nd7 19. Nf3 Bf4 20. Qe2 Rf6 21. Na4 Qd8 22. Nc5 Nxc5 23. dxc5 Rg6 24. g3 Bc7 25. Kg2 Bc6 26. Bd4 Qe7 27. b4 a6 28. a4 Qd7 29. Nh4 Rh6 30. b5 axb5 31. axb5 Rxa1 32. Rxa1 Bxb5 33. Ra8+ Bd8 34. Qg4 e5 35. Qxd7 Bxd7 36. Rxd8+ Kf7 37. Be3 Ke7 38. Bg5+ Rf6 39. Bxf6+ gxf6 40. Rh8 e4 41. Rxh7+ Ke6 42. g4 1-0

[Event "Karl Mala Memorial op 10th"]
[Site "Griesheim"]
[Date "2006.07.20"]
[Round "1"]
[White "Guenzler, Richard"]
[Black "Armbrust, Florian"]
[Result "0-1"]
[WhiteElo "1774"]
[BlackElo "2278"]
[PlyCount "68"]
[EventDate "2006.07.20"]
[EventType "swiss"]
[EventRounds "7"]
[EventCountry "GER"]
[SourceTitle "CBM 113 Extra"]
[Source "ChessBase"]
[SourceDate "2006.09.14"]
[SourceVersion "1"]
[SourceVersionDate "2006.09.14"]
[SourceQuality "1"]

1. Nf3 Nf6 2. c4 g6 3. g3 Bg7 4. Bg2 0-0 5. 0-0 d6 6. Nc3 e5 7. e4 Nc6 8. d3 Nd7 9. Nd5 a5 10. Be3 Nc5 11. Qd2 Nd4 12. Ne1 f5 13. Bg5 Qd7 14. Ne7+ Kh8 15. exf5 gxf5 16. Nf3 Nde6 17. Bh4 e4 18. dxe4 fxe4 19. Ne1 Qa4 20. Qe2 Bd7 21. Bxe4 Nxe4 22. Qxe4 Nd4 23. Qd3 Bh3 24. Ng2 Nf3+ 25. Kh1 Qd7 26. Rae1 Nxe1 27. Rxe1 Bxg2+ 28. Kxg2 Bxb2 29. Qe2 Bg7 30. Qh5 Qe8 31. Qg4 Qf7 32. f3 Rae8 33. Re4 Bf6 34. Rf4 Qxe7 0-1

[Event "Karl Mala Memorial op 09th"]
[Site "Frankfurt"]
[Date "2005.07.30"]
[Round "5"]
[White "Karsten, Heinrich"]
[Black "Guenzler, Richard"]
[Result "1-0"]
[WhiteElo "2087"]
[BlackElo "1829"]
[PlyCount "63"]
[EventDate "2005.07.28"]
[EventType "swiss"]
[EventRounds "7"]
[EventCountry "GER"]
[SourceTitle "EXT 2006"]
[Source "ChessBase"]
[SourceDate "2005.11.24"]
[SourceVersion "1"]
[SourceVersionDate "2005.11.24"]
[SourceQuality "1"]

1. Nf3 Nf6 2. b3 d5 3. Bb2 c5 4. d3 Nc6 5. Nbd2 d4 6. g3 e5 7. Bg2 b5 8. Nxe5 Nxe5 9. Bxa8 Bh3 10. Be4 Nxe4 11. dxe4 Ng4 12. Nf3 g6 13. c3 Bh6 14. Qd3 0-0 15. cxd4 c4 16. Qc3 Qb6 17. Rg1 Rc8 18. e3 b4 19. Qc2 c3 20. Bc1 Qf6 21. Qe2 Qc6 22. e5 Bf8 23. e4 c2 24. Qd3 Bh6 25. Ke2 Bxc1 26. Raxc1 f5 27. exf5 Nxh2 28. Nxh2 Qd5 29. fxg6 Rc3 30. gxh7+ Kh8 31. Qg6 Qb5+ 32. Kd2 1-0